000 00298nam a22001337a 4500
008 180922b xxu||||| |||| 00| 0 eng d
020 _a9780205608324
041 _aeng
080 _a371
100 _a25
101 _aEDU
245 _aThe Professional Counselor
_cHackney, H.L
942 _2udc
_cBK
999 _c48295
_d48295